Merlin and the mason: balancing new technology and tradition (Record no. 117414)
[ view plain ]
| 000 -LEADER | |
|---|---|
| fixed length control field | 01391cam a2200241 4500 |
| 001 - CONTROL NUMBER | |
| control field | ABS67799 |
| 008 - FIXED-LENGTH DATA ELEMENTS--GENERAL INFORMATION | |
| fixed length control field | 040528n2004 000 0 eng u |
| 035 ## - SYSTEM CONTROL NUMBER | |
| System control number | (Sirsi) u126312 |
| 100 ## - MAIN ENTRY--PERSONAL NAME | |
| Personal name | Watt, R. |
| 245 ## - TITLE STATEMENT | |
| Title | Merlin and the mason: balancing new technology and tradition |
| 260 ## - PUBLICATION, DISTRIBUTION, ETC. | |
| Date of publication, distribution, etc. | 2004 |
| 490 ## - SERIES STATEMENT | |
| Series statement | Journal of Architectural Conservation |
| Volume/sequential designation | 10(1) March 2004, 7-21(15) |
| 520 ## - SUMMARY, ETC. | |
| Summary, etc. | Explores the wide range of problems that arise in the conservation of historic masonry buildings. Many of the problems are caused by the departure from traditional materials and their uses, which are particularly common in the buildings of the late 19th and 20th centuries. Other examples include the unusual use of materials in former centuries where the actual construction details and specifications do not appear to have been written down, and where the essential craft or trade knowledge was usually passed from master mason to new mason by word of mouth. Reviews projects ranging from the 16th to the 20th centuries, demonstrating some of the positive and problematic aspects of multi-disciplinary approaches to conservation. [Taken from journal abstract]. |
| 590 ## - LOCAL NOTE (RLIN) | |
| Local note | ABS |
| 590 ## - LOCAL NOTE (RLIN) | |
| Local note | ABS |
| 650 ## - SUBJECT ADDED ENTRY--TOPICAL TERM | |
| Topical term or geographic name entry element | HISTORIC BUILDINGS |
| 650 ## - SUBJECT ADDED ENTRY--TOPICAL TERM | |
| Topical term or geographic name entry element | MASONS |
| 650 ## - SUBJECT ADDED ENTRY--TOPICAL TERM | |
| Topical term or geographic name entry element | MASONRY |
| 650 ## - SUBJECT ADDED ENTRY--TOPICAL TERM | |
| Topical term or geographic name entry element | TRADITIONAL MATERIALS |
| 690 ## - LOCAL SUBJECT ADDED ENTRY--TOPICAL TERM (OCLC, RLIN) | |
| Topical term or geographic name as entry element | BUILDING CONSERVATION |
| 700 ## - ADDED ENTRY--PERSONAL NAME | |
| Personal name | Weaver, M. |
| 942 ## - ADDED ENTRY ELEMENTS (KOHA) | |
| Suppress in OPAC | 0 |
| Withdrawn status | Lost status | Source of classification or shelving scheme | Damaged status | Not for loan | Home library | Current library | Shelving location | Date acquired | Total Checkouts | Full call number | Barcode | Date last seen | Copy number | Price effective from | Koha item type |
|---|---|---|---|---|---|---|---|---|---|---|---|---|---|---|---|
| Dewey Decimal Classification | London | London | Journal article | 28/05/2004 | ABS67799 | 126312-1001 | 06/08/2019 | 1 | 06/08/2019 | Journal article |